| 000 | 02181cam a22005294i 4500 | ||
|---|---|---|---|
| 003 | PE-LiUPU | ||
| 005 | 20250731180111.0 | ||
| 008 | 170726s2014 mx a rb 000 0 spa d | ||
| 020 | _a6071719143 | ||
| 020 | _a9786071719140 | ||
| 035 | _a(Sirsi) a238017 | ||
| 040 |
_aPE-LiUPU _bspa _cPE-LiUPU _erda |
||
| 049 | _aPRUA | ||
| 082 | 0 | 4 |
_a540 _bS23 _220 |
| 100 | 1 |
_aSánchez Vergara, María Elena, _eautor. |
|
| 245 | 1 | 0 |
_aQuímica I : _bbachillerato / _cMaría Elena Sánchez Vergara. |
| 264 | 1 |
_aMéxico : _bTrillas ; _c2014 |
|
| 300 |
_a259 páginas : _bilustraciones ; _c24 centímetros |
||
| 336 |
_atext _2rdacontent |
||
| 337 |
_aunmediated _2rdamedia |
||
| 338 |
_avolume _2rdacarrier |
||
| 504 | _aBibliografía : páginas 257-258. | ||
| 505 | 0 | _aReconoces a la química como una herramienta para la vida -- Comprendes la interrelación de la materia y la energía -- Explicas el modelo atómico actual y sus aplicaciones -- Interpretas la tabla periódica -- Diferencias los enlaces químicos e interacciones intermoleculares -- Manejas la nomenclatura en la química inorgánica -- Representas y operas reacciones químicas -- Comprendes los procesos asociados con el calor y la velocidad de las reacciones químicas. | |
| 526 | _aSEG44 | ||
| 526 | _aSEG26 | ||
| 526 | _aP159 | ||
| 526 | _aP155 | ||
| 526 | _aP154 | ||
| 526 | _aP153 | ||
| 526 | _aP150 | ||
| 526 | _aP100 | ||
| 526 | _aP31 | ||
| 526 | _aP30 | ||
| 526 | _aP26 | ||
| 526 | _aP25 | ||
| 526 | _aP24 | ||
| 526 | _aP22 | ||
| 526 | _aP15 | ||
| 526 | _aP10 | ||
| 650 | 0 | 4 | _aQuímica - Estudio y enseñanza. |
| 910 |
_ajck _bncf _cncf _d20170726 |
||
| 942 |
_2ddc _cBOOK |
||
| 949 |
_a540 S23 _wDEWEY _c1 _i76600 _lCCODEBUL1 _mBUL _p20.61 _r0 _sY _tBOOK _u2017-07-26 _xFIA _zINGENIERIA _0COMPRA _o.STAFF. Colección Ingenieria y Arquitectura |
||
| 596 | _a1 | ||
| 999 |
_a540 S23 _wDEWEY _c24728 _i76600 _d24728 _e2019-8-12 _f2021-11-5 _g3 _lCCODEBUL1 _mBUL _n6 _p20.61 _q4 _r0 _sY _tBOOK _u2017-7-26 _xBIBLIOTECA _PP26 _0COMPRA _o.STAFF. Colección Ingeniería y Ariqutectura |
||
| 980 |
_81 _gALBERTO SANCHEZ Responsable de Automatización |
||